<?xml version="1.0" encoding="UTF-8"?>
<record
    xmlns:xsi="http://www.w3.org/2001/XMLSchema-instance"
    xsi:schemaLocation="http://www.loc.gov/MARC21/slim http://www.loc.gov/standards/marcxml/schema/MARC21slim.xsd"
    xmlns="http://www.loc.gov/MARC21/slim">

  <leader>00483nam a22001817a 4500</leader>
  <datafield tag="999" ind1=" " ind2=" ">
    <subfield code="c">3318</subfield>
    <subfield code="d">3318</subfield>
  </datafield>
  <controlfield tag="003">OSt</controlfield>
  <controlfield tag="005">20211117092221.0</controlfield>
  <controlfield tag="008">211102b           ||||| |||| 00| 0 eng d</controlfield>
  <datafield tag="020" ind1=" " ind2=" ">
    <subfield code="a">-</subfield>
  </datafield>
  <datafield tag="040" ind1=" " ind2=" ">
    <subfield code="c">ALUPE UNIVERSITY</subfield>
  </datafield>
  <datafield tag="050" ind1=" " ind2=" ">
    <subfield code="a">RA969</subfield>
    <subfield code="b">.K67 2021</subfield>
  </datafield>
  <datafield tag="100" ind1=" " ind2=" ">
    <subfield code="a">KORIR MERCY </subfield>
  </datafield>
  <datafield tag="245" ind1=" " ind2=" ">
    <subfield code="a">FACTORS AFFECTING PROCUREMENT OF PHARMACEUTICAL DRUGS AT VIHIGA COUNTY REFERRAL HOSPITAL</subfield>
  </datafield>
  <datafield tag="250" ind1=" " ind2=" ">
    <subfield code="a">-</subfield>
  </datafield>
  <datafield tag="260" ind1=" " ind2=" ">
    <subfield code="a">ALUPE UNIVERSITY</subfield>
    <subfield code="b">-</subfield>
    <subfield code="c">c2021</subfield>
  </datafield>
  <datafield tag="300" ind1=" " ind2=" ">
    <subfield code="a">32pgs</subfield>
  </datafield>
  <datafield tag="942" ind1=" " ind2=" ">
    <subfield code="2">lcc</subfield>
    <subfield code="c">AUCUP</subfield>
    <subfield code="n">DO</subfield>
  </datafield>
  <datafield tag="952" ind1=" " ind2=" ">
    <subfield code="0">0</subfield>
    <subfield code="1">0</subfield>
    <subfield code="2">lcc</subfield>
    <subfield code="4">0</subfield>
    <subfield code="7">0</subfield>
    <subfield code="a">MLIB</subfield>
    <subfield code="b">MLIB</subfield>
    <subfield code="c">OS</subfield>
    <subfield code="d">2021-11-02</subfield>
    <subfield code="e">DONATED BY DR. WILLIAM OKEDI FROM DEPARMENT OF PUBLIC HEALTH AND BEHAVERIAL SCIENCES</subfield>
    <subfield code="l">0</subfield>
    <subfield code="o">RA969 .K67 2021 C1</subfield>
    <subfield code="p">28004573</subfield>
    <subfield code="r">2021-11-02</subfield>
    <subfield code="t">1</subfield>
    <subfield code="w">2021-11-02</subfield>
    <subfield code="y">AUCUP</subfield>
    <subfield code="z">DO</subfield>
  </datafield>
  <datafield tag="952" ind1=" " ind2=" ">
    <subfield code="0">0</subfield>
    <subfield code="1">0</subfield>
    <subfield code="2">lcc</subfield>
    <subfield code="4">0</subfield>
    <subfield code="7">0</subfield>
    <subfield code="a">MLIB</subfield>
    <subfield code="b">MLIB</subfield>
    <subfield code="c">OS</subfield>
    <subfield code="d">2021-11-02</subfield>
    <subfield code="e">DONATED BY DR. WILLIAM OKEDI FROM DEPARMENT OF PUBLIC HEALTH AND BEHAVERIAL SCIENCES</subfield>
    <subfield code="l">0</subfield>
    <subfield code="o">RA969 .K67 2021 C2</subfield>
    <subfield code="p">28004578</subfield>
    <subfield code="r">2021-11-02</subfield>
    <subfield code="t">2</subfield>
    <subfield code="w">2021-11-02</subfield>
    <subfield code="y">AUCUP</subfield>
    <subfield code="z">DO</subfield>
  </datafield>
</record>
